Estructuralismo y antropología

Guardat en:
Dades bibliogràfiques
Autor principal: Fleischmann, Eugene (Autor)
Format: Llibre
Idioma:espanyol
Publicat: Buenos Aires Eds. Nueva Visión 1969
Col·lecció:Colección El pensamiento estructuralista
Matèries:
Etiquetes: Afegir etiqueta
Sense etiquetes, Sigues el primer a etiquetar aquest registre!

MARC

LEADER 00000nam a2200000 a 4500
001 UCY0750
003 CL-VaPUC
008 940811e19690000AG |||||||||||||||||spa|d
082 0 4 |a 149.96  |b FLE  |2 21 
100 0 |a Fleischmann, Eugene  |e author  |9 328577 
245 1 0 |a Estructuralismo y antropología 
300 |a 209 p 
942 |c BK 
945 |d 19940811 00:00:00  |a rbrito 
260 |a Buenos Aires  |b Eds. Nueva Visión  |c 1969 
650 7 |a ESTRUCTURALISMO FILOSOFIA  |2 CL-VaPUC  |9 317948 
650 0 |a Antropología   |9 233030 
583 |a last modification  |c 20181024 16:38:04  |k Rodrigo Vera 
490 0 |a Colección El pensamiento estructuralista 
999 |c 229673  |d 229671 
952 |0 0  |1 0  |4 0  |6 149_960000000000000_FLE_1969  |7 0  |8 A  |9 231094  |a BIBENE  |b BIBENE  |d 2019-11-15  |i 1983105  |o 149.96 FLE 1969  |p 1983105  |r 2025-01-15  |w 2019-11-15  |y BK  |k ICO 
952 |0 0  |1 0  |4 0  |6 149_960000000000000_FLE_1969  |7 0  |8 A  |9 231095  |a FDOPOS  |b FDOPOS  |d 2019-11-15  |i 4270711  |o 149.96 FLE 1969  |p 4270711  |r 2025-01-22  |w 2019-11-15  |y BK  |k MLA